Štatistická analýza kvality vzdelania v štátoch Európskej únie diplomová práca

Guardado en:
Detalles Bibliográficos
Autor principal: Kollárová, Paulína
Autor Corporativo: Fakulta hospodárskej informatiky EU. Katedra štatistiky
Otros Autores: Sipková, Ľubica, 1962-
Formato: Libro
Lenguaje:eslovaco
Publicado: Bratislava 2020
Etiquetas: Agregar Etiqueta
Sin Etiquetas, Sea el primero en etiquetar este registro!

MARC

LEADER 00000nbm a2200000 4500
001 0266713
005 20210414120123.1
041 0 |a slo 
044 |a SK 
245 1 0 |a Štatistická analýza kvality vzdelania v štátoch Európskej únie  |b diplomová práca  |c Paulína Kollárová ; školiteľ: Ľubica Sipková 
264 1 |a Bratislava  |c 2020 
300 |a 68 s. 
100 1 |a Kollárová, Paulína 
700 1 |a Sipková, Ľubica, 1962- 
710 2 |a Fakulta hospodárskej informatiky EU. Katedra štatistiky